000 00223nam a22000857a 4500
008 170131b xxu||||| |||| 00| 0 eng d
100 _92687
_aKhosla.V.K.etal.
245 _aABC- Science Multiple-Q
260 _aNew Delhi
_bHoly
_c2009
999 _c5848
_d5848